000 00590nam a22001697a 4500
082 _a620.1
100 _aZafar, Muhayy-ud-Din
245 _aEFFECTS OF POURING TEMPERATURE ON MECHANICAL PROPERTIES AND MICROSTRUCTURE OF ALUMINUM ALLOYS /
_cMuhayy-ud-Din Zafar.
260 _aIslamabad:
_bSMME - NUST,
_c2016.
300 _a57 p.: ill.;
_c30cm.
650 _aMS-Thesis.
_918721
700 _aDr. Khalid Akhtar
_917455
856 _uhttp://10.250.8.41:8080/xmlui/handle/123456789/12822
942 _2ddc
_cTHE
999 _c529100
_d529100